000
00225nam a22000857a 4500
008
160912b xxu||||| |||| 00| 0 eng d
100
_9
410
_a
Jharna De
245
_a
Math Sight-VII
260
_a
New Delhi
_b
Brittanicca publication
_c
2011
999
_c
3068
_d
3068